000 00455nam a2200181Ia 4500
001 24807
005 20260414151108.0
008 260414t1994||||xx |||||||||||||| ||spa||
041 _aESP
082 _a346
_bB91
100 _aBullard, Alfredo
_eAUT
245 0 _aEl derecho civil peruano :
_bperspectivas y problemas actuales
260 _c1994
300 _a300 páginas :
_c21 cm.
650 _aDER
654 _aCDE
942 _cLIB
_dJUS
_fJUS
_2ddc
_n
999 _c24807
_d24807